Método pilates durante el embarazo, el parto y el posparto (Registro nro. 317096)

Detalles MARC
000 -ENCABEZADO
Número de control [NR] 00822nam a2200217 a 4500
005 - FECHA Y HORA DE LA ÚLTIMA TRANSACCIÓN
control field 20200313090757.0
008 - DE LONGITUD FIJA DE DATOS DE ELEMENTOS - INFORMACIÓN GENERAL
Elementos de longitud fija [NR] 200313s2019 sp a|||fr|||| 00| 0 spa d
020 ## - NUMERO INTERNACIONAL NORMALIZADO PARA LIBROS [R]
Número Internacional Normalizado del libro [NR] 9788491103738
040 ## - FUENTE DE CATALOGACION [NR]
Agencia de catalogación original [NR] CO-BoUCM
Idioma de catalogación [NR] spa
Quien Cataloga Deissy Garcia
Quien Clasifica Deissy Garcia
041 0# - CODIGO DE IDIOMA [R]
Código de idioma para texto/pista de sonido o título separado [R] Español
060 ## - SIGNATURA TOPOGRAFICA DE LA BIBLIOTECA NACIONAL DE MEDICINA (NLM) [R]
Número clasificador [R] QT 255
100 1# - ASIENTO PRINCIPAL--NOMBRE PERSONAL [NR]
Nombre personal [NR] Calvo Mínguez, Juan Bosco
ID Autoridad 67288
245 ## - MENCION DE TITULO [NR]
Título [NR] Método pilates durante el embarazo, el parto y el posparto
Parte restante del título [NR] una guía metodológica
Mención de responsabilidad, etc. [NR] Juan Bosco Calvo, Laura Cabral
260 ## - PUBLICACION, DISTRIBUCION, ETC. (PIE DE IMPRENTA) [R]
Nombre del editor, distribuidor, etc. [R] Médica Panamericana
Fecha de publicación, distribución, etc. [R] 2019
Lugar de publicación, distribución, etc. [R] Madrid
300 ## - DESCRIPCION FISICA [R]
Extensión [R] xi, 206 páginas
Otros detalles físicos [NR] ilustraciones
504 ## - NOTA DE BIBLIOGRAFIA, ETC. [R]
Nota de bibliografía, etc. [NR] Incluye referencias bibliográficas e índices
650 17 - ASIENTO SECUNDARIO DE MATERIA - TERMINO TEMATICO [R]
Fuente del encabezamiento o término [NR] BNE
Término temático o nombre geográfico como elemento de entrada [NR] Método Pilates
9 (RLIN) 100434
650 17 - ASIENTO SECUNDARIO DE MATERIA - TERMINO TEMATICO [R]
Término temático o nombre geográfico como elemento de entrada [NR] Mujeres embarazadas
Subdivisión general [R] Ejercicio físico
9 (RLIN) 100435
700 1# - ASIENTO SECUNDARIO - NOMBRE PERSONAL [R]
9 (RLIN) 100433
Nombre personal [NR] Cabral, Laura
942 ## - ELEMENTOS DE ENTRADA AGREGADOS (KOHA)
Tipo de ítem principal el descrito en 300a Libro
Sistema de clasificación NLM
Tema principal Ciencias de la salud
Edición 1
Clasificación QT 255
Parte restante de la signatura top. C169m
Existencias
Fecha de último préstamo Total préstamos Total Renewals Signatura topográfica Código de barras Última vez visto Ejemplar Costo de reposición Price effective from Tipo de ítem Perdido Sistema de clasificación Dañado No prestable Tipo de ítem específico Suprimido Ubicación habitual Ubicación actual Localización Fecha de creación Proveedor Forma de adquisición Costo
23/10/2025 4 1 QT 255 C169m 100165621 11/12/2025 Ej.1 26000.00 28/01/2020 Libro   NLM     Libro   Quinta de Mutis Quinta de Mutis 1er piso 28/01/2020 12 Donación 0.00